[Event "Sherbrooke op Online"]
[Site "Chess.com"]
[Date "2021.05.30"]
[Round "5"]
[White "Colvin, Andrew"]
[Black "Landstrom, William"]
[Result "1-0"]
[WhiteElo "2072"]
[BlackElo "1530"]
[PlyCount "59"]
[EventDate "2021.05.28"]
[EventType "swiss"]
[EventRounds "5"]
[EventCountry "CAN"]

1. d4 d6 2. c4 Nf6 3. Nc3 Nbd7 4. Nf3 e5 5. e4 Be7 6. d5 c6 7. Be2 Qc7 8. O-O
O-O 9. h3 a6 10. Be3 b6 11. Rc1 Nc5 12. Qc2 a5 13. b3 Ne8 14. dxc6 Qxc6 15. Nd5
Bd8 16. g4 Nf6 17. Nd2 Bb7 18. f3 Nxd5 19. exd5 Qd7 20. Ne4 f5 21. Nxc5 bxc5
22. Bd3 g6 23. Bh6 Rf7 24. gxf5 gxf5 25. Kh2 f4 26. Rg1+ Kh8 27. Rg4 Be7 28.
Rcg1 Re8 29. Bg7+ Rxg7 30. Rxg7 1-0

[Event "Sherbrooke op Online"]
[Site "Chess.com"]
[Date "2021.05.30"]
[Round "5"]
[White "Levesque-Duchesne, Merlin"]
[Black "Dhulipalla, Bala Chandra Prasad"]
[Result "0-1"]
[WhiteElo "1829"]
[BlackElo "2425"]
[PlyCount "64"]
[EventDate "2021.05.28"]
[EventType "swiss"]
[EventRounds "5"]
[EventCountry "CAN"]

1. d4 Nf6 2. c4 e6 3. Nf3 d5 4. Nc3 a6 5. cxd5 exd5 6. Bg5 Be6 7. e3 Nbd7 8.
Bd3 Be7 9. O-O O-O 10. h3 h6 11. Bf4 c5 12. dxc5 Nxc5 13. Nd4 Re8 14. Rc1 Rc8
15. Bf5 Qd7 16. Nxe6 Nxe6 17. Qb3 b5 18. Rfd1 Rc4 19. Be5 Qc6 20. Bd3 Nd7 21.
Bg3 Ndc5 22. Qc2 Nxd3 23. Qxd3 d4 24. Ne2 dxe3 25. Qxe3 Bg5 26. Rxc4 Qxc4 27.
b3 Qc2 28. Qd3 Qxa2 29. Nc1 Qa3 30. Qc2 Bxc1 31. Rxc1 Nd4 32. Qc7 Qxc1+ 0-1

[Event "Sherbrooke op Online"]
[Site "Chess.com"]
[Date "2021.05.30"]
[Round "5"]
[White "Stevenson, Larissa"]
[Black "Selva, Karthik"]
[Result "0-1"]
[WhiteElo "1876"]
[BlackElo "1911"]
[PlyCount "80"]
[EventDate "2021.05.28"]
[EventType "swiss"]
[EventRounds "5"]
[EventCountry "CAN"]

1. e4 e5 2. Nf3 Nc6 3. d4 exd4 4. Nxd4 Bb4+ 5. c3 Bc5 6. Be3 Bb6 7. Bc4 Nf6 8.
Nxc6 bxc6 9. Bxb6 axb6 10. e5 Ne4 11. Qg4 Qg5 12. Qxe4 Qc1+ 13. Ke2 Qxh1 14. e6
O-O 15. exf7+ Kh8 16. Nd2 d5 17. Qe7 Bg4+ 18. f3 Qxg2+ 19. Ke3 dxc4 20. fxg4
Qh3+ 21. Nf3 Qh6+ 22. Kf2 Qf6 23. Re1 Rxf7 24. Qxf6 Rxf6 25. Kg3 h6 26. Re7
Rxa2 27. Re8+ Kh7 28. Ne5 Rxb2 29. Nd7 Rd6 30. Nf8+ Kg8 31. Ne6+ Kf7 32. Nxc7
Rd3+ 33. Kf4 Rf2+ 34. Ke4 Re2+ 35. Kf5 Rxe8 36. Nxe8 Kxe8 37. Kg6 Kf8 38. h4
Rxc3 39. g5 hxg5 40. Kxg5 b5 0-1

[Event "Sherbrooke op Online"]
[Site "Chess.com"]
[Date "2021.05.30"]
[Round "5"]
[White "Turcotte, Jonathan"]
[Black "Guipi Bopala, Prince Eric jr"]
[Result "1/2-1/2"]
[WhiteElo "2011"]
[BlackElo "1929"]
[PlyCount "114"]
[EventDate "2021.05.28"]
[EventType "swiss"]
[EventRounds "5"]
[EventCountry "CAN"]

1. d4 d5 2. c4 e6 3. Nf3 Nf6 4. Nc3 Be7 5. Bf4 O-O 6. e3 c5 7. dxc5 Bxc5 8.
cxd5 Nxd5 9. Nxd5 exd5 10. Bd3 Nc6 11. O-O Bb6 12. Rc1 Bg4 13. h3 Bh5 14. g4
Bg6 15. Ne5 Nxe5 16. Bxe5 Bxd3 17. Qxd3 Qh4 18. Kg2 Rad8 19. Bc7 Bxc7 20. Rxc7
h5 21. Qd4 Rd6 22. f3 hxg4 23. fxg4 Rh6 24. Rf3 Rb6 25. b3 Ra6 26. a4 Qe1 27.
Rf1 Qe2+ 28. Rf2 Qe1 29. Rxb7 Re6 30. Qd2 Qxe3 31. Qxe3 Rxe3 32. Rf3 Re2+ 33.
Kg3 d4 34. Rd7 Rd2 35. Rxa7 f6 36. Rd7 Rb8 37. Rd5 Kf7 38. Kf4 Ke6 39. Rb5 Rxb5
40. axb5 Kd5 41. b6 Kc6 42. Ke4 Kxb6 43. Rd3 Re2+ 44. Kxd4 Kc6 45. Kc4 Re4+ 46.
Kc3 Kc5 47. Rf3 Kc6 48. b4 Kb5 49. Rf5+ Kc6 50. Rh5 Re3+ 51. Kd4 Re1 52. Rh7
Re7 53. Rh5 Re1 54. b5+ Kb6 55. g5 fxg5 56. Rxg5 Rh1 57. Rh5 g5 1/2-1/2

[Event "Sherbrooke op U1500 Online"]
[Site "Chess.com"]
[Date "2021.05.28"]
[Round "1"]
[White "Alikaj, Noel"]
[Black "Fodil, Abderrahmane"]
[Result "1-0"]
[WhiteElo "1366"]
[BlackElo "919"]
[PlyCount "75"]
[EventDate "2021.05.28"]
[EventType "swiss"]
[EventRounds "5"]
[EventCountry "CAN"]

1. e4 Nc6 2. Nf3 f5 3. exf5 d5 4. g4 h5 5. Ng5 Nf6 6. gxh5 Nxh5 7. d4 Bxf5 8.
c3 Qd7 9. Qf3 Nf6 10. Bb5 a6 11. Bxc6 Qxc6 12. Qxf5 Nh5 13. Qf7+ Kd8 14. Ne6+
Kc8 15. Nxf8 b6 16. Ng6 Kb7 17. Nxh8 Rxh8 18. Be3 Qd6 19. Nd2 Qd7 20. c4 c6 21.
cxd5 Ka7 22. dxc6 Qxc6 23. Qxe7+ Ka8 24. Qe4 Qxe4 25. Nxe4 Re8 26. Nc3 Nf6 27.
Rg1 Rg8 28. Bg5 Rf8 29. Bxf6 Rxf6 30. Rxg7 Rf8 31. O-O-O Rf3 32. Re1 Rf8 33.
Rge7 Rc8 34. Re8 Rxe8 35. Rxe8+ Kb7 36. h4 Kc6 37. h5 Kd7 38. Re5 1-0

[Event "Sherbrooke op U1500 Online"]
[Site "Chess.com"]
[Date "2021.05.28"]
[Round "1"]
[White "El-Bechara, Gabriel-Mourani"]
[Black "Dugas, Hugues"]
[Result "1/2-1/2"]
[WhiteElo "1097"]
[BlackElo "1372"]
[PlyCount "135"]
[EventDate "2021.05.28"]
[EventType "swiss"]
[EventRounds "5"]
[EventCountry "CAN"]

1. e4 g6 2. d4 d6 3. Nf3 Nf6 4. Nc3 Bg7 5. Bf4 O-O 6. Bc4 Bg4 7. h3 Bxf3 8.
Qxf3 Nc6 9. Qe3 Nd7 10. d5 Nd4 11. O-O-O c5 12. dxc6 bxc6 13. Rxd4 Bxd4 14.
Qxd4 e5 15. Qxd6 exf4 16. Qxf4 Nc5 17. Qe5 Nd7 18. Qf4 Qe7 19. a3 Kg7 20. h4
Nf6 21. g4 Rfe8 22. h5 Qe5 23. Qxe5 Rxe5 24. h6+ Kf8 25. f3 Rd8 26. Bb3 Ne8 27.
f4 Re7 28. Ba4 Rc7 29. g5 Rd4 30. Rf1 Nd6 31. e5 Ne4 32. Bb3 Nxc3 33. bxc3 Re4
34. Kb2 Rb7 35. c4 Rxc4 36. f5 Re4 37. fxg6 hxg6 38. Ka2 Rxe5 39. Rd1 Rb8 40.
Rf1 Rxb3 41. cxb3 Rxg5 42. Rc1 c5 43. b4 Rg2+ 44. Kb1 Rh2 45. bxc5 Ke8 46. Rd1
Rh3 47. h7 Rxh7 48. c6 f5 49. Rd2 Rc7 50. Rd6 Kf7 51. Kc1 g5 52. Kd1 Ke7 53.
Rg6 Kf7 54. Rd6 g4 55. Ke2 Ke7 56. Rg6 Kf7 57. Rd6 f4 58. Kf2 Ke7 59. Rg6 g3+
60. Kf3 Kf7 61. Rd6 a6 62. Rh6 Kg7 63. Rd6 Kf7 64. Rh6 Ke7 65. Rg6 Kf7 66. Rd6
Ke7 67. Rg6 Kf7 68. Rh6 1/2-1/2

[Event "Sherbrooke op U1500 Online"]
[Site "Chess.com"]
[Date "2021.05.28"]
[Round "1"]
[White "Griffiths, Cody"]
[Black "Chelkowski, Jan"]
[Result "1-0"]
[WhiteElo "1381"]
[BlackElo "1101"]
[PlyCount "83"]
[EventDate "2021.05.28"]
[EventType "swiss"]
[EventRounds "5"]
[EventCountry "CAN"]

1. e4 e5 2. Nf3 Nc6 3. Bc4 h6 4. c3 d6 5. d4 Nf6 6. dxe5 dxe5 7. Qxd8+ Nxd8 8.
Nxe5 Be6 9. Bd3 Bc5 10. O-O O-O 11. a4 Re8 12. b4 Bd6 13. Nc4 Bf8 14. Ne3 Bd7
15. Nd2 Bc6 16. f3 Ne6 17. b5 Bd7 18. Nd5 Be7 19. f4 Nc5 20. Bc2 Rac8 21. Nxe7+
Rxe7 22. Ba3 b6 23. Rfe1 Ree8 24. Bxc5 bxc5 25. Nb3 c4 26. Nd2 c6 27. b6 axb6
28. Nxc4 Rb8 29. a5 bxa5 30. Rxa5 Be6 31. Nd6 Red8 32. e5 Nd5 33. f5 Bc8 34.
Rc5 Rb6 35. Be4 Rb8 36. Rxc6 Ne7 37. Rc5 Ba6 38. Ra5 Bc8 39. Rea1 Bd7 40. Ra7
Kh8 41. Nxf7+ Kg8 42. Nxd8 1-0

[Event "Sherbrooke op U1500 Online"]
[Site "Chess.com"]
[Date "2021.05.28"]
[Round "1"]
[White "Jiang, Hancy"]
[Black "Deshpande, Sarthak"]
[Result "0-1"]
[WhiteElo "910"]
[BlackElo "1350"]
[PlyCount "96"]
[EventDate "2021.05.28"]
[EventType "swiss"]
[EventRounds "5"]
[EventCountry "CAN"]

1. d4 d5 2. Bf4 Nf6 3. e3 Bf5 4. c4 e6 5. Nc3 c5 6. Nf3 Nc6 7. Qb3 Nb4 8. Rc1
Qb6 9. Nb5 Rc8 10. a3 Na6 11. Nd6+ Bxd6 12. Qxb6 axb6 13. Bxd6 Ne4 14. Bf4 f6
15. Nd2 Nxd2 16. Kxd2 g5 17. Bg3 h5 18. f3 h4 19. Bf2 Kf7 20. Be2 Rhd8 21. Rhd1
cxd4 22. exd4 Kg6 23. cxd5 Rxc1 24. Rxc1 Rxd5 25. Bd3 Bxd3 26. Kxd3 Nc5+ 27.
Ke2 Nb3 28. Rc7 Nxd4+ 29. Bxd4 Rxd4 30. Rxb7 Rd6 31. Rc7 f5 32. b4 b5 33. Rc5
Ra6 34. Rc3 e5 35. h3 Kf6 36. Ke3 f4+ 37. Ke4 Rd6 38. Rd3 Rxd3 39. Kxd3 Ke7 40.
a4 bxa4 41. Kc3 a3 42. Kb3 e4 43. fxe4 g4 44. b5 f3 45. b6 f2 46. b7 f1=Q 47.
b8=Q Qb1+ 48. Kxa3 Qxb8 0-1

[Event "Sherbrooke op U1500 Online"]
[Site "Chess.com"]
[Date "2021.05.28"]
[Round "1"]
[White "Suresh, Pavan"]
[Black "Mutyalapati, Modith Aaroh"]
[Result "0-1"]
[WhiteElo "1316"]
[BlackElo "790"]
[PlyCount "112"]
[EventDate "2021.05.28"]
[EventType "swiss"]
[EventRounds "5"]
[EventCountry "CAN"]

1. e4 e5 2. Nf3 Nc6 3. Bb5 a6 4. Ba4 Nf6 5. d3 Be7 6. Be3 b5 7. Bb3 O-O 8. Nbd2
Bb7 9. O-O Ng4 10. Qe2 Nf6 11. Rfc1 d5 12. exd5 Nxd5 13. Nf1 Nxe3 14. Nxe3 Nd4
15. Nxd4 exd4 16. Nf5 Bg5 17. Rd1 Qf6 18. Qg4 Bc8 19. Qe4 Bxf5 20. Qf3 Be6 21.
Qxf6 Bxf6 22. Bxe6 fxe6 23. Re1 e5 24. f3 Rfe8 25. Rac1 Kf7 26. c3 c5 27. cxd4
cxd4 28. Rc7+ Re7 29. Rc5 Raa7 30. Ra1 Rac7 31. Rxc7 Rxc7 32. a4 b4 33. Kf1 Rc2
34. Rb1 Ke6 35. h4 Kd5 36. h5 Bh4 37. b3 Bf2 38. g4 Be3 39. Ke1 Rh2 40. Kd1
Rd2+ 41. Ke1 Rxd3 42. Ke2 Rd2+ 43. Kf1 Rh2 44. Re1 Rh1+ 45. Ke2 Rxe1+ 46. Kxe1
d3 47. Kd1 Kd4 48. Ke1 Kc3 49. h6 g6 50. g5 Kxb3 51. f4 exf4 52. Kd1 f3 53. Ke1
d2+ 54. Kd1 f2 55. Ke2 d1=Q+ 56. Kxd1 f1=Q# 0-1

[Event "Sherbrooke op U1500 Online"]
[Site "Chess.com"]
[Date "2021.05.29"]
[Round "2"]
[White "Cormier, Benoit"]
[Black "Stewart, Taki"]
[Result "0-1"]
[WhiteElo "1260"]
[BlackElo "1258"]
[PlyCount "102"]
[EventDate "2021.05.28"]
[EventType "swiss"]
[EventRounds "5"]
[EventCountry "CAN"]

1. e4 c6 2. Nf3 d5 3. Nc3 Bg4 4. h3 Bxf3 5. Qxf3 d4 6. Ne2 e5 7. d3 Ne7 8. c3
c5 9. Ng3 Nbc6 10. Be2 Qd7 11. O-O f6 12. Qh5+ g6 13. Qh4 Qd6 14. f4 Bg7 15. f5
O-O-O 16. Bh6 Bxh6 17. Qxh6 Rdg8 18. Qd2 g5 19. Nh5 Kb8 20. a4 a5 21. Rfb1 h6
22. Bd1 Rh7 23. Bb3 Rd8 24. Bd5 Rf8 25. c4 Nxd5 26. cxd5 Nb4 27. g4 Rc8 28. b3
Rhc7 29. Rd1 Ka7 30. Qf2 Rb8 31. h4 b6 32. hxg5 hxg5 33. Qd2 Rh8 34. Rac1 Rch7
35. Qe2 Qe7 36. Kf2 Kb7 37. Rh1 Kc7 38. Qf3 Kd6 39. Rh3 Qf7 40. Rch1 Nc2 41.
Ke2 Ne3 42. Kd2 Ke7 43. Ke2 Qe8 44. Nxf6 Rxh3 45. Nxe8 Rxh1 46. f6+ Kxe8 47.
f7+ Kf8 48. Qf6 R8h2+ 49. Kf3 Rf1+ 50. Kg3 Rxf6 51. Kxh2 Rxf7 0-1

[Event "Sherbrooke op U1500 Online"]
[Site "Chess.com"]
[Date "2021.05.29"]
[Round "2"]
[White "Fodil, Abderrahmane"]
[Black "Suresh, Pavan"]
[Result "0-1"]
[WhiteElo "919"]
[BlackElo "1316"]
[PlyCount "46"]
[EventDate "2021.05.28"]
[EventType "swiss"]
[EventRounds "5"]
[EventCountry "CAN"]

1. e4 c5 2. Nf3 Nc6 3. d4 cxd4 4. Nxd4 g6 5. Nxc6 bxc6 6. Bd3 Bg7 7. c3 Nf6 8.
O-O O-O 9. Be3 Qc7 10. Nd2 Bb7 11. Nf3 d5 12. exd5 Nxd5 13. Bd4 Nf4 14. Bc2 c5
15. Bxg7 Kxg7 16. Nh4 Ba6 17. Re1 Rad8 18. Qg4 h5 19. Qg5 e6 20. g3 Nh3+ 21.
Kg2 Nxg5 22. f4 Qc6+ 23. Kg1 Nh3# 0-1

[Event "Sherbrooke op U1500 Online"]
[Site "Chess.com"]
[Date "2021.05.29"]
[Round "2"]
[White "Guillemette, Thomas"]
[Black "Griffiths, Cody"]
[Result "1-0"]
[WhiteElo "1152"]
[BlackElo "1381"]
[PlyCount "111"]
[EventDate "2021.05.28"]
[EventType "swiss"]
[EventRounds "5"]
[EventCountry "CAN"]

1. e4 e5 2. Nf3 Nc6 3. Bc4 Nf6 4. d3 Bc5 5. c3 d6 6. a4 a6 7. O-O O-O 8. Re1
Ng4 9. d4 exd4 10. cxd4 Bb6 11. h3 Nf6 12. Nc3 h6 13. Bf4 Re8 14. e5 dxe5 15.
Nxe5 Qxd4 16. Bxf7+ Kf8 17. Qxd4 Nxd4 18. Bxe8 Kxe8 19. Nc6+ Kf7 20. Nxd4 Bxd4
21. Bxc7 Bf5 22. Rad1 Bc5 23. Be5 Nd7 24. Bd4 Bb4 25. Re3 Bg6 26. Bxg7 Nb6 27.
Bxh6 Bf5 28. Rf3 Kg6 29. Bf4 Be6 30. Bd6 Bxc3 31. Rxc3 Nxa4 32. Rg3+ Kf6 33.
Ba3 a5 34. Rd6 Re8 35. b3 b5 36. bxa4 b4 37. Bb2+ Ke7 38. Ra6 Rd8 39. Re3 Rd6
40. Rxd6 Kxd6 41. h4 Bd7 42. Rd3+ Kc6 43. Rxd7 Kxd7 44. h5 Kc6 45. h6 Kd5 46.
h7 Kc4 47. h8=Q Kb3 48. Qh3+ Kxb2 49. g4 b3 50. Qh8+ Ka3 51. Qa1+ Kb4 52. g5 b2
53. Qxb2+ Kxa4 54. Qa1+ Kb3 55. Qxa5 Kc4 56. Qd8 1-0

[Event "Sherbrooke op U1500 Online"]
[Site "Chess.com"]
[Date "2021.05.29"]
[Round "2"]
[White "Jiang, Hancy"]
[Black "Imbeault, Marc"]
[Result "1-0"]
[WhiteElo "910"]
[BlackElo "1190"]
[PlyCount "143"]
[EventDate "2021.05.28"]
[EventType "swiss"]
[EventRounds "5"]
[EventCountry "CAN"]

1. d4 d5 2. Bf4 e6 3. e3 c5 4. c3 Nc6 5. Nf3 Nf6 6. Nbd2 Bd6 7. Bg3 O-O 8. Bd3
b6 9. Ne5 Qc7 10. f4 Bb7 11. Bh4 Be7 12. Bxf6 Bxf6 13. Qh5 g6 14. Qh3 Nxe5 15.
fxe5 Bg7 16. Nf3 Qe7 17. O-O a5 18. Rf2 Bc8 19. Raf1 f5 20. Qg3 Bh6 21. Ne1 Bd7
22. Be2 Rf7 23. Nd3 Raf8 24. Nf4 Rg7 25. Qh3 Bxf4 26. exf4 cxd4 27. cxd4 Qb4
28. Qc3 Qxc3 29. bxc3 Rc8 30. Rc1 b5 31. Bd3 Bc6 32. Rb2 Rb8 33. c4 b4 34. a3
Rgb7 35. axb4 axb4 36. c5 Kg7 37. Ra1 Bb5 38. Bxb5 Rxb5 39. Rb3 Kf7 40. Kf2 Ke7
41. Ke3 Kd7 42. Ra7+ R5b7 43. Ra6 Rc7 44. Kd3 Ke7 45. Rb6 Rxb6 46. cxb6 Rb7 47.
Rxb4 Kd7 48. Kc3 Kc6 49. Kb3 Rxb6 50. Rxb6+ Kxb6 51. Kb4 h6 52. h4 Kc6 53. Ka5
h5 54. Ka6 Kc7 55. Kb5 Kd7 56. Kb6 Ke7 57. Kc7 Ke8 58. Kd6 Kf7 59. Kd7 g5 60.
hxg5 h4 61. g6+ Kxg6 62. Kxe6 Kh5 63. Kxf5 Kh6 64. Kf6 Kh5 65. e6 Kg4 66. e7
Kg3 67. e8=Q Kxg2 68. f5 h3 69. Ke6 h2 70. Qh5 h1=Q 71. Qxh1+ Kxh1 72. f6 1-0

[Event "Sherbrooke op U1500 Online"]
[Site "Chess.com"]
[Date "2021.05.29"]
[Round "2"]
[White "Mutyalapati, Modith Aaroh"]
[Black "Alikaj, Noel"]
[Result "1/2-1/2"]
[WhiteElo "790"]
[BlackElo "1366"]
[PlyCount "153"]
[EventDate "2021.05.28"]
[EventType "swiss"]
[EventRounds "5"]
[EventCountry "CAN"]

1. e4 e5 2. Nf3 Nc6 3. Bb5 Nf6 4. O-O d6 5. d4 Bd7 6. dxe5 Nxe5 7. Bxd7+ Nfxd7
8. Nxe5 Nxe5 9. f4 Ng6 10. Nc3 Be7 11. Be3 c6 12. Qg4 O-O 13. Rad1 Qa5 14. f5
Ne5 15. Qg3 Qd8 16. Bh6 Bf6 17. h4 Kh8 18. Bg5 h6 19. Bxf6 Qxf6 20. Qh3 Nc4 21.
g4 Kg8 22. Rf3 Nxb2 23. Rd2 Qe5 24. Qg3 Nc4 25. Qxe5 Nxe5 26. Rg3 Rad8 27. Ne2
Rfe8 28. Nf4 b5 29. g5 hxg5 30. hxg5 Nc4 31. Re2 d5 32. exd5 Rxe2 33. Nxe2 Rxd5
34. f6 g6 35. Kf2 Nd2 36. Rg4 Rf5+ 37. Kg2 Nc4 38. Rg3 Nd2 39. Nd4 Rc5 40. Rg4
Nc4 41. Nb3 Re5 42. Kf2 Na3 43. c3 Nc4 44. Nd4 Rc5 45. Nb3 Rd5 46. Nd4 Rd6 47.
Re4 Rd5 48. Rg4 Ne5 49. Re4 a5 50. Kg3 b4 51. cxb4 axb4 52. Kf4 Nd3+ 53. Ke3
Ne5 54. Kf4 Nc4 55. Nxc6 Rf5+ 56. Kg4 Rc5 57. Nxb4 Ne5+ 58. Kf4 Nc4 59. Nd3
Rf5+ 60. Kg4 Nd6 61. Re5 Kf8 62. Rxf5 Nxf5 63. Kf4 Ke8 64. Ke5 Kd7 65. Nc5+ Kc6
66. Ne6 Nd6 67. Nd8+ Kd7 68. Kd5 Kc7 69. Nxf7 Nxf7 70. Ke6 Nxg5+ 71. Ke7 Kc6
72. a4 Kb6 73. Kf8 Ne6+ 74. Kf7 Nf4 75. Kg7 g5 76. f7 Ne6+ 77. Kf6 1/2-1/2

[Event "Sherbrooke op U1500 Online"]
[Site "Chess.com"]
[Date "2021.05.29"]
[Round "3"]
[White "El-Bechara, Gabriel-Mourani"]
[Black "Cormier, Benoit"]
[Result "1-0"]
[WhiteElo "1097"]
[BlackElo "1260"]
[PlyCount "41"]
[EventDate "2021.05.28"]
[EventType "swiss"]
[EventRounds "5"]
[EventCountry "CAN"]

1. e4 c5 2. d4 cxd4 3. c3 dxc3 4. Bc4 e6 5. Nxc3 Nc6 6. Nf3 Bb4 7. Bd2 Nf6 8.
e5 Ng4 9. Qe2 O-O 10. O-O Qb6 11. Qe4 Bxc3 12. Bxc3 Nh6 13. Ng5 g6 14. Qh4 Kg7
15. Nf3 Qd8 16. Qh3 d5 17. Bd3 Re8 18. Bd2 Nf5 19. Bxf5 exf5 20. Qh6+ Kg8 21.
Ng5 1-0

[Event "Sherbrooke op U1500 Online"]
[Site "Chess.com"]
[Date "2021.05.29"]
[Round "3"]
[White "Imbeault, Marc"]
[Black "Dugas, Hugues"]
[Result "0-1"]
[WhiteElo "1190"]
[BlackElo "1372"]
[PlyCount "104"]
[EventDate "2021.05.28"]
[EventType "swiss"]
[EventRounds "5"]
[EventCountry "CAN"]

1. e4 g6 2. Nf3 Bg7 3. d3 d6 4. Nbd2 Nf6 5. g3 O-O 6. Bg2 c6 7. O-O b6 8. c3
Bb7 9. Re1 Na6 10. Nc4 b5 11. Ne3 Rc8 12. Bh3 e6 13. Ng4 Nd7 14. Be3 f5 15.
Nh6+ Kh8 16. exf5 exf5 17. Bg5 Bf6 18. Qd2 c5 19. Bxf6+ Qxf6 20. Bg2 Bxf3 21.
Bxf3 Nc7 22. Re2 g5 23. Nxf5 Qxf5 24. Be4 Qf6 25. Rae1 Ne5 26. h3 Rce8 27. d4
Nf3+ 28. Bxf3 Qxf3 29. Rxe8 Rxe8 30. Rxe8+ Nxe8 31. Qxg5 Qf8 32. Qd8 cxd4 33.
cxd4 Qf7 34. Qb8 Qd7 35. f4 Kg7 36. Qa8 Nf6 37. Kg2 Qc7 38. Kf3 d5 39. g4 Qe7
40. g5 Qe4+ 41. Kg3 Qe1+ 42. Kf3 Qf1+ 43. Ke3 Qxh3+ 44. Ke2 Qh2+ 45. Kf3 Qh3+
46. Ke2 Qg4+ 47. Ke1 Qg3+ 48. Kd1 Qd3+ 49. Kc1 Qe3+ 50. Kc2 Qe2+ 51. Kb3 Qc4+
52. Ka3 Qa4# 0-1

[Event "Sherbrooke op U1500 Online"]
[Site "Chess.com"]
[Date "2021.05.29"]
[Round "3"]
[White "Stewart, Taki"]
[Black "Mutyalapati, Modith Aaroh"]
[Result "0-1"]
[WhiteElo "1258"]
[BlackElo "790"]
[PlyCount "118"]
[EventDate "2021.05.28"]
[EventType "swiss"]
[EventRounds "5"]
[EventCountry "CAN"]

1. d4 Nf6 2. Bg5 d6 3. Bxf6 exf6 4. e3 Be7 5. g3 Nc6 6. Bg2 d5 7. Ne2 Bf5 8. c3
Qd7 9. O-O O-O 10. Nd2 Bd6 11. Bxd5 Bh3 12. Bg2 Bxg2 13. Kxg2 Rae8 14. a3 Ne7
15. c4 c6 16. b4 Nf5 17. e4 Nxd4 18. Nxd4 Be5 19. N2b3 Rd8 20. f4 Bxd4 21. Nxd4
Qxd4 22. Qc2 Rfe8 23. Rad1 Qe3 24. Rfe1 Qxa3 25. b5 Rxd1 26. Rxd1 Qc5 27. Qd3
cxb5 28. cxb5 Kf8 29. Qd7 Qc2+ 30. Rd2 Qxe4+ 31. Kh3 Qe6+ 32. Qxe6 Rxe6 33. Rd7
Rb6 34. Rd8+ Ke7 35. Ra8 Rxb5 36. Rxa7 Kd6 37. Ra8 Ke7 38. Rg8 g6 39. Rg7 h5
40. Rg8 Rb2 41. Rb8 b5 42. Rb7+ Kf8 43. Rb8+ Kg7 44. Rb6 g5 45. fxg5 fxg5 46.
Rb7 Kg6 47. Rb6+ f6 48. g4 Rb3+ 49. Kg2 hxg4 50. h3 gxh3+ 51. Kh2 g4 52. Rb8 f5
53. Rb6+ Kg5 54. Rb8 Kf4 55. Rg8 Rb2+ 56. Kg1 g3 57. Rh8 h2+ 58. Kh1 Rb1+ 59.
Kg2 Rg1+ 0-1

[Event "Sherbrooke op U1500 Online"]
[Site "Chess.com"]
[Date "2021.05.29"]
[Round "3"]
[White "Suresh, Pavan"]
[Black "Jiang, Hancy"]
[Result "0-1"]
[WhiteElo "1316"]
[BlackElo "910"]
[PlyCount "86"]
[EventDate "2021.05.28"]
[EventType "swiss"]
[EventRounds "5"]
[EventCountry "CAN"]

1. e4 c5 2. Nf3 Nc6 3. Bb5 Nf6 4. Bxc6 bxc6 5. d3 g6 6. Be3 Bg7 7. Nc3 d6 8.
O-O O-O 9. h3 h6 10. Qd2 Kh7 11. e5 Nd5 12. Nxd5 cxd5 13. exd6 Qxd6 14. c3 e5
15. Qc2 f5 16. Rfe1 Bb7 17. d4 cxd4 18. cxd4 e4 19. Nh2 f4 20. Bxf4 Qxf4 21.
Rad1 Rac8 22. Qe2 Rc4 23. b3 Rxd4 24. Rxd4 Bxd4 25. Rf1 h5 26. Qb5 Qf7 27. Kh1
Bb6 28. f3 Qe7 29. fxe4 Rxf1+ 30. Nxf1 dxe4 31. a4 e3 32. Ng3 h4 33. Ne2 Qe4
34. Qd7+ Kh6 35. Qg4 Qxg4 36. hxg4 Ba6 37. Nc3 Bd4 38. Ne4 e2 39. g5+ Kg7 40.
b4 e1=Q+ 41. Kh2 Qg1+ 42. Kh3 Bc8+ 43. g4 Qh1# 0-1

[Event "Sherbrooke op U1500 Online"]
[Site "Chess.com"]
[Date "2021.05.30"]
[Round "4"]
[White "Chelkowski, Jan"]
[Black "Zhu, Isabelle"]
[Result "0-1"]
[WhiteElo "1101"]
[BlackElo "1198"]
[PlyCount "54"]
[EventDate "2021.05.28"]
[EventType "swiss"]
[EventRounds "5"]
[EventCountry "CAN"]

1. e4 e6 2. b3 d5 3. Nc3 Nf6 4. d3 c5 5. exd5 exd5 6. Bb2 Nc6 7. Nf3 Be7 8. Be2
O-O 9. O-O d4 10. Nb1 Re8 11. c3 dxc3 12. Nxc3 Nd4 13. Nxd4 cxd4 14. Nb5 Bc5
15. Rc1 Qb6 16. Na3 Bf5 17. Bf3 Rac8 18. Be2 Nd5 19. Nc2 Nf4 20. Re1 Re7 21.
Nxd4 Bxd3 22. Bxd3 Rxe1+ 23. Qxe1 Nxd3 24. Qd1 Nxc1 25. Qxc1 Rd8 26. Qg5 f6 27.
Qf4 Bxd4 0-1

[Event "Sherbrooke op U1500 Online"]
[Site "Chess.com"]
[Date "2021.05.30"]
[Round "4"]
[White "Cormier, Benoit"]
[Black "Fodil, Abderrahmane"]
[Result "0-1"]
[WhiteElo "1260"]
[BlackElo "919"]
[PlyCount "36"]
[EventDate "2021.05.28"]
[EventType "swiss"]
[EventRounds "5"]
[EventCountry "CAN"]

1. e4 Nc6 2. d4 e5 3. d5 Nce7 4. Nf3 Ng6 5. Bd3 Nf6 6. O-O Bc5 7. h3 h6 8. Nbd2
O-O 9. a3 d6 10. c3 Bb6 11. Nc4 Bd7 12. a4 a6 13. Nxb6 cxb6 14. Be3 Qc7 15. Qb3
Qc8 16. Qxb6 Bxh3 17. Qxd6 Qg4 18. g3 Qxf3 0-1

[Event "Sherbrooke op U1500 Online"]
[Site "Chess.com"]
[Date "2021.05.30"]
[Round "4"]
[White "Deshpande, Sarthak"]
[Black "Guillemette, Thomas"]
[Result "1-0"]
[WhiteElo "1350"]
[BlackElo "1152"]
[PlyCount "39"]
[EventDate "2021.05.28"]
[EventType "swiss"]
[EventRounds "5"]
[EventCountry "CAN"]

1. e4 c5 2. Nf3 d6 3. d4 cxd4 4. Nxd4 Nf6 5. Nc3 g6 6. Be3 Bg7 7. f3 Nc6 8. Bc4
Bd7 9. Qd2 Rc8 10. Bb3 Na5 11. O-O-O Nxb3+ 12. Nxb3 a5 13. Nd4 Rb8 14. Ndb5
Bxb5 15. Nxb5 b6 16. e5 dxe5 17. Qxd8+ Rxd8 18. Nc7+ Kf8 19. Rxd8+ Ne8 20.
Rxe8# 1-0

[Event "Sherbrooke op U1500 Online"]
[Site "Chess.com"]
[Date "2021.05.30"]
[Round "4"]
[White "Dugas, Hugues"]
[Black "Stewart, Taki"]
[Result "0-1"]
[WhiteElo "1372"]
[BlackElo "1258"]
[PlyCount "68"]
[EventDate "2021.05.28"]
[EventType "swiss"]
[EventRounds "5"]
[EventCountry "CAN"]

1. g3 f5 2. b3 Nf6 3. Bb2 e6 4. Bg2 d5 5. Nf3 Nc6 6. d3 Be7 7. Nbd2 O-O 8. O-O
Bd7 9. Re1 Bc5 10. h3 Be8 11. Ng5 Bf7 12. e4 h6 13. Nxf7 Rxf7 14. exf5 exf5 15.
Nf3 Qd6 16. d4 Bb6 17. c3 Ne4 18. Nh2 Re8 19. Nf1 Rfe7 20. Ne3 Nxg3 21. Bxd5+
Kh8 22. Qf3 f4 23. Nc2 Ne2+ 24. Rxe2 Rxe2 25. Bxc6 bxc6 26. Rc1 Qg6+ 27. Kh2
Rxc2 28. Rg1 Qf5 29. Bc1 Ree2 30. Rf1 g5 31. Kg2 Qe4 32. Ba3 Qxf3+ 33. Kxf3 h5
34. Be7 Rxe7 0-1

[Event "Sherbrooke op U1500 Online"]
[Site "Chess.com"]
[Date "2021.05.30"]
[Round "4"]
[White "Mutyalapati, Modith Aaroh"]
[Black "Jiang, Hancy"]
[Result "1-0"]
[WhiteElo "790"]
[BlackElo "910"]
[PlyCount "131"]
[EventDate "2021.05.28"]
[EventType "swiss"]
[EventRounds "5"]
[EventCountry "CAN"]

1. e4 c5 2. Nf3 Nc6 3. d4 cxd4 4. Nxd4 Nf6 5. Nc3 e5 6. Ndb5 d6 7. Nd5 Nxd5 8.
exd5 Nb8 9. Be3 a6 10. Nc3 g6 11. Be2 Bg7 12. Qd2 O-O 13. O-O Nd7 14. Ne4 Qc7
15. f3 Nf6 16. Nxf6+ Bxf6 17. c4 Bg7 18. b4 b6 19. Rac1 Bb7 20. c5 bxc5 21.
bxc5 dxc5 22. d6 Qd7 23. Rxc5 Rac8 24. Rfc1 Rfd8 25. Rxc8 Rxc8 26. Rxc8+ Bxc8
27. Qb4 Bf8 28. Bc5 Qb7 29. Qxb7 Bxb7 30. Bb4 Bc8 31. Bxa6 Bd7 32. Kf2 Kg7 33.
Ke3 Kf6 34. Bc4 Be6 35. d7 Bh6+ 36. Kd3 Bxd7 37. Kc3 Bf4 38. h3 Bc6 39. Kd3 e4+
40. fxe4 Be5 41. Bd2 Be8 42. g4 g5 43. Ba5 Ba4 44. Ke3 Bd1 45. Bd8+ Kg6 46. Bb3
Bf4+ 47. Kf2 Bxb3 48. axb3 f6 49. b4 Kf7 50. b5 Be5 51. Ke3 Ke8 52. Ba5 Kd7 53.
Kd3 Bd6 54. Kc4 Be7 55. Kd5 Bd6 56. Bc3 Be7 57. b6 Bd8 58. Ba5 Be7 59. b7 Bd6
60. Bc3 Bf4 61. e5 Kc7 62. exf6 Bd6 63. Be5 Bxe5 64. Kxe5 Kxb7 65. f7 Kc7 66.
f8=Q 1-0